Normal view
MARC view
Entry Personal Name
001 - CONTROL NUMBER
- control field: 11435
003 - CONTROL NUMBER IDENTIFIER
- control field: OSt
005 - DATE AND TIME OF LATEST TRANSACTION
- control field: 20170123150832.0
008 - FIXED-LENGTH DATA ELEMENTS
- fixed length control field: 170123|| aca||aabn | a|a d
040 ## - CATALOGING SOURCE
- Original cataloging agency: OSt
- Transcribing agency: OSt
100 ## - HEADING--PERSONAL NAME
- Personal name: Coulthard, Paul [et...al]
670 ## - SOURCE DATA FOUND
- Source citation: Work cat.: (OSt): Coulthard, Paul [et...al], Oral and Maxillofacial Surgery, Radiology, Pathology, and Oral Medicine
